Ako odlíšiť znalosti od informácií

Manažovať znalosti je omnoho náročnejší proces, ktorý si vyžaduje viac zdrojov, angažovanosti aj know-how ako skladovanie a distribúcia informácií. Tento proces si vyžaduje poznať špecifiká získavania jednotlivých kategórií znalostí a ďalšiu prácu s nimi. Získanie tacitnej informácie si vyžaduje zad...

Description complète

Enregistré dans:
Détails bibliographiques
Auteur principal: Miklošík, Andrej
Format: Chapitre de livre
Langue:slovaque
Sujets:
Tags: Ajouter un tag
Pas de tags, Soyez le premier à ajouter un tag!

MARC

LEADER 00000nla$a2200000$$$4500
001 0136425
005 20240502072528.4
041 0 |a slo 
044 |a SK 
245 1 0 |a Ako odlíšiť znalosti od informácií  |c Andrej Miklošík 
520 |a Manažovať znalosti je omnoho náročnejší proces, ktorý si vyžaduje viac zdrojov, angažovanosti aj know-how ako skladovanie a distribúcia informácií. Tento proces si vyžaduje poznať špecifiká získavania jednotlivých kategórií znalostí a ďalšiu prácu s nimi. Získanie tacitnej informácie si vyžaduje zadefinovať: spôsoby záznamu pre rôzne skupiny nositeľov tacitnej informácie, preferované systémy konverzie, zapojenie ďalších nositeľov do systému reťazenia znalostí a ich spájania a pod. 
610 2 0 |a informácie 
610 2 0 |a vedomosti 
610 2 0 |a manažment znalostný 
610 2 0 |a riadenie znalostí 
100 1 |a Miklošík, Andrej